01719nam a2200361 i 4500001001000000003000900010005001700019007000300036008004100039040003000080041000700110082002500117100006800142245011000210250002200320264004200342300005600384336002700440337003300467338002800500500006200528504003400590590002600624650006300650651007800713700005100791910004200842942001400884952015300898952014201051952014701193999001701340000026942DO-SdBNP20250925101038.0ta110328s1999 dr ac 000 0 spa d aDO-SdBNPbspacBNPHUerda asp 4a972.93054bM385a2221 aMartínez Almanzar, Juan Franciscod1950 -eautor4aut.91045910aAbril de 1965... :binolvidable /cJuan Francisco Martínez Almanzar ; prólogo Ángel M. Hernández. aTercera edición aSanto Domingo :b9 de octubre,c1999. a238 páginas :bilustraciones, retratos. ;c23 cm. atextobtxt2rdacontent asin mediaciónbn2rdamedia avolumenbnc2rdacarrier aIncluye datos biográficos del autor en la contraportada aBibliografía : página 237 aInventariado, 2025/DG 4aRevolución de abrily1965zRepública Dominicana979399 0aRepública DominicanaxHistoriaxOcupación Norteamericana, 19659780651 aHernández, Ángel M.,epróloguista910522 aDG. Validado. Control de calidad/MAA  2ddccLBS1 00102ddc56708DSaBNPHUbBNPHUcHDd2011-03-28l0oBNPHU DS 972.93054 M385a 1999p26942-30r2020-06-25te.3w2020-06-25yLBS1ZPréstamo en sala 00102ddc51708PDaBNPHUbBNPHUcHDd2011-03-28l0oBNPHU PD 972.93054 M385a 1999p26942-10r2020-06-25w2020-06-25yLBS1ZNo se presta 00102ddc51708PDaBNPHUbBNPHUcHDd2011-03-28l0oBNPHU PD 972.93054 M385a 1999p26942-20r2020-06-25te.2w2020-06-25yLBS1ZNo se presta c26434d26434